[Event "Central-SRB chT 2018"]
[Site "Kragujevac"]
[Date "2018.09.15"]
[Round "2"]
[White "Rakhmanov, Aleksandr"]
[Black "Ristic, Nenad"]
[Result "1-0"]
[WhiteElo "2647"]
[BlackElo "2359"]
[Annotator "TA"]
[PlyCount "91"]
[EventDate "2018.09.14"]
[EventType "team-tourn"]
[EventCountry "SRB"]
[SourceTitle "playchess.com"]
[Source "ChessBase"]
[SourceQuality "1"]

{[%evp 10,91,-25,-41,-16,-32,-6,-32,-11,-22,-6,-11,18,-31,-42,-37,-8,-78,-68,-104,-58,-130,-119,-141,-140,-147,-147,-201,-76,-99,-89,-106,-34,-31,11,11,8,7,10,10,44,59,98,91,80,87,104,90,91,70,58,22,177,176,225,222,197,188,203,203,200,201,168,167,427,190,762,750,743,716,722,704,752,773,824,804,1583,1510,1462,1387,1662,1287,1519,1400]} 1. c4 e5 2. Nf3 e4 3. Nd4 Nc6 4. Nxc6 dxc6 5. Nc3 Nf6 6. e3 {LiveBook: 11 Partien. A20: Englische Eröffnung} Bd6 7. h3 h5 8. Qc2 {Die Stellung ist ausgeglichen.} Qe7 9. b3 Bf5 10. Bb2 Ba3 $146 ({Vorgänger:} 10... Bg6 11. O-O-O O-O-O 12. d4 {1-0 (38) Rakhmanov,A (2667)-Jussupow,A (2585) Tallinn 2016}) 11. Be2 Bxb2 12. Qxb2 O-O-O 13. O-O-O (13. b4 $11) 13... h4 14. b4 Kb8 15. Kc2 (15. c5 $15) 15... Nd7 $17 16. b5 cxb5 17. Nxb5 Rh6 18. Rb1 (18. Qa3 $17 Qxa3 19. Nxa3) 18... Qe5 (18... Nc5 $19 {und Schwarz behält klar die Oberhand.} 19. Rhg1 Ra6 20. Qxg7 Qd7) 19. Qxe5 Nxe5 20. Nd4 {zielt auf Tb5 ab.} Bh7 (20... Bd7 $17 21. f4 exf3 22. gxf3 Ra6) 21. Rb5 $15 Nc6 (21... Re8 {looks sharper.} 22. Rhb1 b6 23. c5 Nc6 24. Nxc6+ Rxc6 25. Kd1 a6) 22. Nxc6+ Rxc6 23. Rhb1 $36 {[%mdl 2048] Weiss kämpft um Vorteil.} b6 24. Rh5 Rh6 25. Rbb5 f5 26. Rxh6 gxh6 $16 {[%mdl 4096] Endspiel [#] KTL-KTL} 27. Re5 $1 Rg8 28. Re7 Bg6 29. d4 exd3+ 30. Bxd3 f4 $2 (30... Kc8 $11 {und Schwarz muss sich keine Sorgen machen.}) 31. exf4 $18 Bxd3+ 32. Kxd3 Rxg2 {KT-KT} 33. Ke3 Rg1 {[#] Und ...Te1+ würde nun gewinnen.} 34. Kf3 $1 Kc8 35. f5 {[%cal Bf4f5,Bf5f6][%mdl 32]} Kd8 36. Re4 Rg5 $2 (36... Kd7 37. Rxh4 Rg5) 37. Kf4 (37. f6 $142) 37... Rg8 $2 (37... Kd7 38. Ke5 Rg2) 38. f6 {Weiß steht klar auf Gewinn.} Kd7 39. Re7+ Kd6 40. Rg7 Rf8 41. Kf5 a6 42. a4 Rc8 43. f4 Rf8 44. Kg6 Ke6 45. Re7+ Kd6 46. Kg7 {Precision: Weiß = 49%, Schwarz = 28%.} 1-0

[Event "Central-SRB chT 2018"]
[Site "Kragujevac"]
[Date "2018.09.15"]
[Round "2"]
[White "Atalik, Suat"]
[Black "Draskovic, Luka"]
[Result "1-0"]
[WhiteElo "2512"]
[BlackElo "2449"]
[Annotator "TA"]
[PlyCount "51"]
[EventDate "2018.09.14"]
[EventType "team-tourn"]
[EventCountry "SRB"]
[SourceTitle "playchess.com"]
[Source "ChessBase"]
[SourceQuality "1"]

{[%evp 12,51,16,16,18,16,18,18,13,16,11,16,14,0,16,23,8,10,43,38,106,97,206,203,261,255,219,84,89,95,204,193,205,187,703,690,693,687,679,674,678,671]} 1. d4 Nf6 2. c4 e6 3. Nf3 Bb4+ 4. Nbd2 O-O 5. a3 Be7 6. g3 {E11: Bogo-Indian} b6 7. e4 {LiveBook: 3 Games} d5 8. exd5 {The position is equal.} exd5 9. Bg2 Bb7 10. O-O Nbd7 11. Re1 Re8 12. Ne5 Bd6 {[%cal Rd6e5]} 13. Ndf3 h6 {[#]} 14. b3 $146 ({Predecessor:} 14. cxd5 Bxd5 {1-0 (45) Dubov,D (2661)-Kollars,D (2456) Skopje 2015}) 14... Ne4 {[%cal Rd7e5]} 15. Bb2 f6 ({Black should try} 15... dxc4 $14 16. Nxc4 Nef6) 16. Ng4 $16 c6 (16... f5 $16 17. Ne3 dxc4) 17. Nh4 $18 Nf8 18. Nf5 {And now Ngxh6+! would win.} Qd7 {[#]} 19. Nfxh6+ ({Don't play} 19. Bxe4 $6 dxe4 20. Nge3 Rad8 $16) (19. Ngxh6+ $1 $18 {[%mdl 512]} gxh6 20. Qh5) 19... Kh8 $16 {[#]} 20. Bxe4 $1 dxe4 {[#]} (20... Rxe4 $16 {is a better defense.} 21. Rxe4 dxe4) 21. Nxf6 $1 {[%mdl 512]} gxf6 {[#]} 22. Qh5 $1 {[%cal Rh5f7] Hoping for Qf7.} Nh7 $2 (22... Re7) 23. Nf7+ $18 {White is clearly winning.} Kg7 24. Qh6+ Kg8 25. Qg6+ Kf8 26. Nxd6 {Precision: White = 79%, Black = 37%.} 1-0

[Event "Central-SRB chT 2018"]
[Site "Kragujevac"]
[Date "2018.09.15"]
[Round "2"]
[White "Zajic, Milan"]
[Black "Simic, Dragisa"]
[Result "1-0"]
[WhiteElo "2497"]
[BlackElo "2299"]
[Annotator "TA"]
[PlyCount "51"]
[EventDate "2018.09.14"]
[EventType "team-tourn"]
[EventCountry "SRB"]
[SourceTitle "playchess.com"]
[Source "ChessBase"]
[SourceQuality "1"]

{[%evp 25,51,-11,-7,-7,-2,-17,-10,-14,-8,-26,-13,-21,2,0,0,0,0,-13,0,0,248,247,278,269,1391,1382,6387,5319]} 1. e4 c5 2. Nf3 d6 3. Bb5+ Bd7 4. Bxd7+ Qxd7 5. O-O Nf6 6. Re1 Nc6 7. c3 e6 8. d4 cxd4 9. cxd4 d5 10. e5 Ne4 11. Nbd2 Nxd2 12. Bxd2 Be7 {[%cal Bf8e7,Be7d8,Bd8b6][%mdl 32]} 13. h4 O-O 14. Rc1 {B52: Sicilian: Moscow Variation with 3...Bd7} Rac8 15. Rc3 {[#]} Bd8 $146 ({Predecessor:} 15... Nb8 16. Rd3 Qc7 17. Rc3 Qd7 18. Rd3 Qc7 19. Rc3 Qd7 {½-½ (19) Bukavshin,I (2510)-Sjugirov,S (2643) Taganrog 2013}) 16. h5 {The position is equal.} h6 17. Rd3 Bb6 18. Bc3 f6 19. exf6 Rxf6 20. b4 Qe8 21. b5 Na5 22. Ne5 Qxb5 $2 (22... Nc4 $11 {and Black stays safe.}) 23. Ng4 $18 Rf4 24. Rxe6 Rxg4 $2 (24... Qd7 25. Rg6 Nc6) 25. Qxg4 {[#] Re7 would kill now.} Qxd3 26. Re7 {Precision: White = 65%, Black = 15%.} 1-0

[Event "Central-SRB chT 2018"]
[Site "Kragujevac"]
[Date "2018.09.15"]
[Round "2"]
[White "Marinkovic, Ivan"]
[Black "Radovanovic, Mihajlo"]
[Result "1/2-1/2"]
[WhiteElo "2459"]
[BlackElo "2427"]
[Annotator "TA"]
[PlyCount "81"]
[EventDate "2018.09.14"]
[EventType "team-tourn"]
[EventCountry "SRB"]
[SourceTitle "playchess.com"]
[Source "ChessBase"]
[SourceQuality "1"]

{[%evp 17,81,0,0,0,10,0,15,9,17,0,0,0,18,25,15,8,47,61,64,56,105,114,117,122,108,124,127,114,104,105,114,100,128,120,137,131,148,145,143,149,157,141,152,112,139,143,391,145,139,182,270,262,254,257,436,278,265,143,133,121,180,0,0,0,0,0]} 1. e4 c5 2. Nf3 d6 3. d4 cxd4 4. Nxd4 Nf6 5. Nc3 a6 6. g3 e5 7. Nb3 Be7 8. Bg2 O-O 9. a4 {B91: Sicilian Najdorf: 6 g3} (9. O-O Be6 10. Re1 Nbd7 11. Nd2 b5 12. Nf1 Bg4 13. f3 Be6 14. Ne3 Rc8 15. a3 Nb6 16. f4 Re8 17. Kh1 Bf8 {0-1 (42) Naiditsch,A (2701)-Carlsen,M (2843) Karlsruhe/Baden-Baden 2018}) 9... Bg4 {LiveBook: 12 Games} 10. Bf3 Bxf3 $146 ({Predecessor:} 10... Be6 11. h4 Nc6 12. Nd5 Bxd5 13. exd5 Na5 14. Nd2 Rc8 15. b3 Qc7 16. Ra2 b5 17. axb5 axb5 {½-½ (49) Kulaots,K (2530)-Wojtaszek,R (2625) Plovdiv 2008}) 11. Qxf3 Nc6 {[%cal Bb8c6,Bc6b4,Bb4c2][%mdl 32]} 12. Bg5 Nb4 13. Qd1 Nd7 14. Be3 Bg5 15. Bxg5 Qxg5 16. O-O Nf6 17. Qxd6 Nxc2 18. Rad1 Qh5 19. Rd2 $1 {[%cal Rd2c2]} (19. h4 $6 Rac8 $11) 19... Ng4 {[%csl Gg4][%cal Rh5h2]} 20. h4 Nd4 21. Nxd4 exd4 22. Rxd4 Ne5 23. Rd5 Rae8 24. f4 Qg4 25. Kg2 ({Much worse is} 25. fxe5 $6 Qxg3+ 26. Kh1 Re6 $11) 25... Nc4 26. Qc5 Rxe4 27. Rf3 $1 ({Reject} 27. Nxe4 $6 Qe2+ 28. Kg1 Ne3 $11) 27... b6 28. Qf2 $1 Qe6 {[#]} 29. Rdd3 $1 Re1 {White must now prevent ...Re8.} 30. b3 Na5 31. f5 $36 {[%mdl 2048] Keeping Black busy.} Qe5 $2 (31... Qe8 $16) 32. Rd5 $2 (32. Qxb6 $18 {Strongly threatening Rd5.} Nxb3 33. Qxb3) 32... Qe8 $16 33. f6 gxf6 (33... g6 {keeps fighting.} 34. Qxb6 Nc6) 34. Qxb6 $18 Nc6 35. Rxf6 Ne5 $2 (35... Re6 36. Rd6 Rxd6 37. Rxd6 Ne5 38. Qxa6 Qc8) 36. Qd4 Qe7 37. Rf5 ({Better is} 37. Rxa6 $18 {Threatens to win with Raa5.} Re8 38. Rad6) 37... f6 $16 38. Ne4 {[%cal Rd5e5] And now Rdxe5 would win.} Ng4 {[#]} (38... Re2+ $16 39. Nf2 Qe6) 39. Rg5+ $2 ({White has to play} 39. Rf4 $1 $18 {[%cal Rf4g4]} Ne3+ 40. Kf2) 39... fxg5 $11 40. Rxg5+ {[#]} Qxg5 $1 {[%mdl 512]} 41. hxg5 {Precision: White = 61%, Black = 50%.} (41. Nxg5 $2 {is the wrong capture.} Ne3+ 42. Qxe3 Rxe3 $19) 1/2-1/2

[Event "Central-SRB chT 2018"]
[Site "Kragujevac"]
[Date "2018.09.15"]
[Round "2"]
[White "Pezelj, Novak"]
[Black "Mirkovic, Stevan"]
[Result "1-0"]
[WhiteElo "2457"]
[BlackElo "2307"]
[Annotator "TA"]
[PlyCount "147"]
[EventDate "2018.09.14"]
[EventType "team-tourn"]
[EventCountry "SRB"]
[SourceTitle "playchess.com"]
[Source "ChessBase"]
[SourceQuality "1"]

{[%evp 12,147,0,0,16,4,29,0,23,0,22,14,27,-52,-53,-50,-47,-61,-52,-49,-51,-37,-50,-45,-41,-47,-25,-20,0,-7,-7,-7,-7,-7,0,0,22,26,23,12,14,8,10,14,17,20,28,27,72,63,73,74,78,56,62,70,74,58,86,86,86,63,86,70,81,0,86,0,86,86,91,91,91,0,91,84,84,84,84,84,84,84,84,84,84,84,84,84,100,84,163,163,235,226,241,227,245,238,267,223,200,199,248,237,439,439,434,306,310,118,233,233,231,203,497,492,449,367,422,413,897,963,904,880,1712,1620,1620,1426,1908,1886,29985,29983,29979,29983,29987,29985,29984,29984]} 1. e4 c5 2. f4 Nc6 3. d3 Nf6 4. Nf3 e6 5. Be2 Be7 6. O-O O-O 7. c3 d5 {B21: Sicilian: 2 f4 and Morra Gambit} 8. e5 Ne8 9. Na3 $146 ({Predecessor:} 9. d4 f5 10. dxc5 Bxc5+ 11. Kh1 Nc7 12. Nbd2 b5 13. Nb3 Bb6 14. Nfd4 Nxd4 15. cxd4 {1-0 (37) Sargissian,G (2470)-Calzetta Ruiz,M (2194) Linares 2000}) 9... Rb8 {The position is equal.} 10. Nc2 b5 11. Qe1 b4 12. Ne3 (12. cxb4 $11 Nxb4 13. Nxb4 Rxb4 14. b3) 12... bxc3 $15 13. bxc3 d4 14. Nc4 dxc3 15. Qxc3 Nc7 {[%cal Be8c7,Bc7d5,Bd5e3][%mdl 32]} 16. Be3 Nd5 17. Qd2 Nxe3 18. Qxe3 Nd4 19. Nxd4 Qxd4 20. Qxd4 cxd4 21. Rab1 Ba6 22. Rfc1 Bb4 23. g3 Bxc4 24. Rxc4 Bc3 25. Rxb8 Rxb8 $11 {[%mdl 4096] Endgame KRB-KRB} 26. Rc7 a5 27. Bd1 g6 28. Bb3 Kf8 29. Ra7 Re8 30. Kf2 Re7 31. Ra8+ Kg7 32. Kf3 Rb7 33. g4 Rc7 34. Ke4 Rb7 35. h3 Rc7 36. Ra6 Rb7 37. Kf3 Re7 38. Ke4 Rb7 39. Ra8 ({White should try} 39. f5 $16) 39... Re7 (39... Rc7 $1 $11 {keeps the balance.}) 40. Rb8 $16 h6 41. Bc4 Kh7 42. Bb3 Kg7 $1 43. h4 Kh7 44. h5 gxh5 45. gxh5 Kg7 46. Bc4 Kh7 47. f5 exf5+ 48. Kxf5 Kg7 49. Rb1 Bd2 50. Ke4 Be3 (50... Rd7 $16) 51. Rb5 $1 $18 Ra7 (51... Bd2 $142 52. Kxd4 f6) 52. a4 $1 Bf2 53. Kd5 Be3 54. Kc5 Re7 55. Kd6 Ra7 56. Rd5 Bf2 57. Kc6 Be3 $2 (57... Be1 {was necessary.} 58. Rxd4 Kf8) 58. Kb6 Re7 {If Black can now play ...Bd2 this consolidates a bit.} 59. Kxa5 Bf4 60. Rxd4 $2 (60. Kb6 $18 {is more deadly.}) 60... Bxe5 {[#]} (60... Rxe5+ $16 61. Ka6 Bd2) 61. Rd5 $1 f5 62. d4 {[%cal Bd3d4,Bd4d5][%mdl 32]} Bf6 $2 (62... Bg3 63. Rxf5 Rb7) 63. Kb6 Re4 64. Kc5 Be7+ 65. Kb5 Bf6 {[#]} (65... Re1 $142 66. Bd3 Re3) 66. Rd7+ $1 Kh8 67. d5 f4 68. Rf7 Be5 69. Re7 Re3 70. a5 {[%cal Ba4a5,Ba5a6,Ba6a7][%mdl 32]} f3 71. a6 {White mates.} f2 72. a7 Rb3+ 73. Kc6 Ra3 74. Re8+ {Precision: White = 71%, Black = 37%.} 1-0

[Event "Central-SRB chT 2018"]
[Site "Kragujevac"]
[Date "2018.09.15"]
[Round "2"]
[White "Barlov, Dragan"]
[Black "Colovic, Dusan"]
[Result "0-1"]
[WhiteElo "2414"]
[BlackElo "2296"]
[Annotator "TA"]
[PlyCount "63"]
[EventDate "2018.09.14"]
[EventType "team-tourn"]
[EventCountry "SRB"]
[SourceTitle "playchess.com"]
[Source "ChessBase"]
[SourceQuality "1"]

{[%evp 9,63,31,45,39,43,29,50,53,65,68,64,57,65,50,62,44,37,38,36,33,39,36,51,49,54,31,53,-25,23,18,25,16,21,22,25,22,27,28,37,-6,0,-33,0,0,0,-18,19,-21,-22,-46,0,0,3,-65,10,-193]} 1. Nf3 d6 2. d4 Bg4 3. c4 g6 4. Qb3 Qc8 5. e3 $146 ({Vorgänger:} 5. Nbd2 Bg7 6. h3 Bd7 7. e3 Nf6 8. Qc2 O-O 9. b3 c5 10. Bb2 Nc6 11. Be2 a5 12. O-O {0-1 (50) Gholami Orimi,M (2333)-Shanava,K (2499) Khomein 2018}) 5... Bg7 6. Be2 {A41: Moderne Verteidigung gegen 1.d4 (mit oder ohne späterem e2-e4 und Sf6)} Nf6 7. h3 Bxf3 8. Bxf3 {Weiß steht etwas besser.} c6 9. O-O O-O 10. Nc3 Nbd7 11. Qc2 Re8 12. b3 e5 13. Ba3 exd4 14. exd4 {[%cal Be3d4,Bd4d5][%mdl 32]} Qc7 15. Rad1 Nf8 16. d5 {Droht dxc6 und aus.} c5 17. Nb5 Qd8 18. b4 (18. Bc1 $14 a6 19. Nc3) 18... b6 19. bxc5 bxc5 20. Rb1 a6 21. Nc3 N6d7 22. Bc1 Ne5 23. Be2 f5 {[%cal Bf7f5,Bf5f4][%mdl 32]} 24. Na4 Qh4 25. Bb2 f4 {...f3! ist eine echte Drohung.} 26. Bxe5 Bxe5 27. Bf3 Bd4 28. Rb6 Qf6 29. Rb7 Re7 (29... Rab8 $5 {[%cal Rb8b7]} 30. Ra7 Ra8 31. Rxa8 Rxa8 $11) 30. Rxe7 Qxe7 31. Rb1 (31. Nc3 $11) 31... Nd7 (31... Rb8 $1 $15 32. Bg4 (32. Rxb8 Qe1+ 33. Kh2 Bxf2 $17) 32... Rb4) 32. Qe4 $2 {Precision: Weiß = 42%, Schwarz = 49%.} (32. Nc3 $11) 0-1

[Event "Central-SRB chT 2018"]
[Site "Kragujevac"]
[Date "2018.09.15"]
[Round "2"]
[White "Soysal, Serkan"]
[Black "Ivanov, Mikhail M"]
[Result "1/2-1/2"]
[WhiteElo "2404"]
[BlackElo "2367"]
[Annotator "ChessBase"]
[PlyCount "44"]
[EventDate "2018.09.14"]
[EventType "team-tourn"]
[EventCountry "SRB"]
[SourceTitle "playchess.com"]
[Source "ChessBase"]
[SourceQuality "1"]
[TimeControl "40/5400+30:1800+30"]

1. d4 d5 2. c4 dxc4 3. e3 e5 4. Bxc4 Nc6 5. Nf3 e4 6. Nfd2 Qg5 7. Nxe4 Qxg2 8. Ng3 Nf6 9. Bf1 Qd5 10. Nc3 Bb4 11. Bd2 Qd8 12. a3 Be7 13. Bc4 O-O 14. Nh5 g6 15. Ng3 Bg4 16. f3 Bh3 17. Qe2 a6 18. Nce4 Nd5 19. Nc3 Nb6 20. Ba2 Kh8 21. O-O-O f5 22. Qf2 f4 1/2-1/2

[Event "Central-SRB chT 2018"]
[Site "Kragujevac"]
[Date "2018.09.15"]
[Round "2"]
[White "Ristic, Nebojsa M"]
[Black "Nestorovic, Nikola"]
[Result "1-0"]
[WhiteElo "2361"]
[BlackElo "2453"]
[Annotator "TA"]
[PlyCount "52"]
[EventDate "2018.09.14"]
[EventType "team-tourn"]
[EventCountry "SRB"]
[SourceTitle "playchess.com"]
[Source "ChessBase"]
[SourceQuality "1"]

{[%evp 18,52,53,47,122,117,120,115,122,122,160,114,95,65,208,152,135,149,137,62,30,30,118,0,222,223,225,220,279,275,346,281,1092,1092,29972,6503,29999]} 1. e4 c6 2. d4 d5 3. e5 Bf5 4. h4 h5 5. c4 e6 6. Nc3 Ne7 7. Nge2 {B12: Caro-Kann: Advance Variation} dxc4 (7... Bg4 8. Bg5 Qb6 9. c5 Qc7 10. f3 Bf5 11. Ng3 f6 12. Bf4 Nd7 13. exf6 Qxf4 14. Nce2 Qh6 15. fxe7 Bxe7 16. Nxf5 exf5 {½-½ (27) Sutovsky,E (2647)-Artemiev,V (2704) Poikovsky 2018}) 8. Ng3 Bd3 9. Bxd3 cxd3 10. Qxd3 {LiveBook: 4 Games} Ng6 $146 ({Black should try} 10... Nd7 $14) ({Predecessor:} 10... Nd7 11. Qe2 Nb6 12. Be3 Ned5 13. Bg5 Be7 14. Nce4 f6 15. exf6 gxf6 {1-0 (37) Karthikeyan,M (2514)-Svane,R (2546) Bhubaneswar 2016}) 11. Bg5 $1 $16 {[%cal Rg5d8]} Be7 12. Bxe7 Qxe7 13. Nge4 Nxh4 14. Nd6+ Kf8 15. g3 $36 {[%mdl 2048] White fights for an advantage.} Ng6 (15... Nf5 $1 $14) 16. O-O-O c5 17. f4 cxd4 18. Nce4 (18. Qxd4 $16 {Nc8 is the strong threat.} Nc6 19. Qe3) 18... Nc6 $14 19. Kb1 h4 (19... Rd8 $1 $11) 20. Nxf7 (20. Rdf1 $1 $16) 20... Kxf7 $2 {[#]} (20... Qxf7 $11 {and Black has nothing to worry.} 21. Nd6 Ngxe5 $1 {[%mdl 512]} 22. fxe5 Qe7) 21. Nd6+ $1 $18 Kg8 {aiming for ...Rh6.} 22. Qxg6 Rh6 23. Qg4 Nb4 24. Rxd4 Nd5 $2 {[#]} (24... Nc6) 25. Rxd5 $1 {[%mdl 512]} exd5 26. Nf5 Qe6 {Precision: White = 70%, Black = 13%.} 1-0

[Event "Central-SRB chT 2018"]
[Site "Kragujevac"]
[Date "2018.09.15"]
[Round "2"]
[White "Zivkovic, Ivan B"]
[Black "Djosic, Slavoljub"]
[Result "1/2-1/2"]
[WhiteElo "2349"]
[BlackElo "2315"]
[Annotator "NA"]
[PlyCount "36"]
[EventDate "2018.09.14"]
[EventType "team-tourn"]
[EventCountry "SRB"]
[SourceTitle "playchess.com"]
[Source "ChessBase"]
[SourceQuality "1"]
[TimeControl "40/5400+30:1800+30"]

1. e4 e5 2. Nf3 Nc6 3. d4 exd4 4. Bc4 Nf6 5. e5 Ng4 6. Qe2 Qe7 7. Bf4 {[#]} d6 $1 {LiveBook: 49 Games} 8. exd6 $1 Qxe2+ 9. Bxe2 Bxd6 10. Bxd6 cxd6 11. Na3 O-O 12. Nb5 d3 13. cxd3 Nb4 14. Nfd4 Ne5 15. Kd2 Rd8 $14 16. f4 Nec6 17. Bf3 a6 18. Nxc6 Nxc6 1/2-1/2

[Event "Central-SRB chT 2018"]
[Site "Kragujevac"]
[Date "2018.09.15"]
[Round "2"]
[White "Savicevic, Vlatko"]
[Black "Parligras, Mircea-Emilian"]
[Result "0-1"]
[WhiteElo "2338"]
[BlackElo "2623"]
[Annotator "TA"]
[PlyCount "66"]
[EventDate "2018.09.14"]
[EventType "team-tourn"]
[EventCountry "SRB"]
[SourceTitle "playchess.com"]
[Source "ChessBase"]
[SourceQuality "1"]

{[%evp 15,66,0,0,0,5,0,22,-6,0,-10,16,0,21,0,0,5,7,-6,35,-48,-39,-56,-46,-64,-53,-68,-70,-80,-68,-69,-64,-89,-83,-92,-85,-98,-40,-72,-39,-79,-77,-83,-69,-103,-92,-243,-239,-214,-223,-358,-354,-310,-319]} 1. e4 c5 2. Nf3 e6 3. Nc3 Nc6 4. d4 cxd4 5. Nxd4 a6 6. f4 Nxd4 7. Qxd4 b5 8. Bd3 Bb7 {LiveBook: 9 Partien} 9. a3 {B46: Sizilianisch (Paulsen/Taimanow-Variante)} Rc8 10. Qf2 Qc7 $146 ({Vorgänger:} 10... Nf6 11. e5 Nd5 12. Nxd5 Bxd5 13. Be3 Qc7 14. a4 Bc4 15. O-O Bxd3 16. cxd3 {0-1 (38) Kramnik,V (2490)-Tunik,G (2470) Sochi 1989}) 11. Be3 {Die Stellung ist ausgeglichen.} Nf6 {Weiss sollte ...Sg4 verhindern.} 12. Bd4 h5 13. O-O-O Ng4 14. Qd2 Bc5 $36 {[%mdl 2048] Weiss steht unter Druck.} 15. Bxc5 Qxc5 16. Be2 Qe3 17. Bxg4 ({Besser ist} 17. Rhe1 $14) 17... Qxd2+ $15 18. Kxd2 {Und Lf3 würde nun gewinnen.} hxg4 19. Ke3 Ke7 20. Rd3 a5 21. Rd4 Rc5 22. Kf2 g5 23. fxg5 Rxg5 24. Rhd1 {[#]} Bc6 $1 25. Kg3 Kf6 ({Günstiger ist} 25... Re5 $17) 26. b4 Ra8 27. Ne2 axb4 28. axb4 Ke5 29. c3 Ra3 30. Rf1 $2 {[#]} (30. R4d3 $17) 30... Rxc3+ $3 $19 {[%mdl 512]} 31. Nxc3 Kxd4 32. Kf4 (32. Nd1 {war einen Versuch wert.}) 32... f6 33. Ne2+ Kd3 {Precision: Weiß = 26%, Schwarz = 57%.} 0-1

[Event "Central-SRB chT 2018"]
[Site "Kragujevac"]
[Date "2018.09.15"]
[Round "2"]
[White "Todorovic, Goran N"]
[Black "Damljanovic, Branko"]
[Result "0-1"]
[WhiteElo "2326"]
[BlackElo "2470"]
[Annotator "TA"]
[PlyCount "83"]
[EventDate "2018.09.14"]
[EventType "team-tourn"]
[EventCountry "SRB"]
[SourceTitle "playchess.com"]
[Source "ChessBase"]
[SourceQuality "1"]

{[%evp 12,83,28,14,20,19,19,8,36,37,44,34,49,-14,-14,0,-7,-26,-29,-24,-39,-27,-29,-51,-58,-51,-43,-53,-37,-60,-47,-47,-52,-79,-17,-113,-142,-136,-130,-154,-155,-154,-153,-145,-138,-154,-150,-147,-122,-187,-189,-172,-189,-222,-115,-100,-109,-125,-125,-124,-116,-125,-146,-323,-329,-612,-605,-1516,-1493,-29959,-29962,-29964,-29953,-12844]} 1. Nf3 Nf6 2. b3 g6 3. Bb2 Bg7 4. e3 O-O 5. Be2 d6 6. d4 Nc6 {A48: 1 d4 Nf6 2 Nf3 g6: Torre, London and Colle Systems} (6... Nbd7 7. c4 e5 8. dxe5 dxe5 9. O-O e4 10. Nfd2 Re8 11. Qc2 c6 12. c5 Qe7 13. b4 a5 14. a3 Ne5 15. Bxe5 Qxe5 16. Nc4 Qxa1 {0-1 (28) Nakamura,H (2787)-Carlsen,M (2853) chess.com INT 2016}) 7. c4 {LiveBook: 4 Games} a5 8. Nc3 e5 {The position is equal.} 9. O-O $146 ({Predecessor:} 9. a3 Ne8 10. d5 Ne7 11. b4 Nf5 12. g3 Nh6 13. Nd2 f5 14. Nb3 {½-½ (70) Sobrevia Castellar,L (1999)-Walter Travella,G (2028) Barcelona 2015}) 9... e4 10. Nd2 Re8 11. a3 Bf5 12. Qc2 ({Better is} 12. Re1 $14) 12... Nxd4 $11 13. exd4 {Black must now prevent Qc1.} e3 14. Bd3 Bxd3 15. Qxd3 exd2 16. Qxd2 d5 17. Rfe1 Rxe1+ 18. Rxe1 a4 19. Qd1 axb3 20. Qxb3 {[%cal Rc3d5]} dxc4 21. Qxc4 c6 22. Qb3 b5 (22... Nd7 $17 {Threatens to win with ...Qb6.} 23. Ne4 Qb6) 23. a4 (23. Rd1 $11) 23... Ng4 {Hoping for ...bxa4.} 24. h3 {[#]} Nxf2 $1 $40 {[%mdl 640] Black has strong attack.} 25. Kxf2 Bxd4+ 26. Ke2 Qg5 27. Kd1 {[#]} bxa4 $1 (27... Qxg2 28. axb5 cxb5 29. Qxb5 $15) 28. Qc4 Rd8 {( -> ...Bxc3+)} ({Don't take} 28... Qxg2 29. Qxd4 Qxb2 30. Re2 $17) 29. Kc2 Qxg2+ 30. Re2 (30. Qe2 $17 {was called for.} Qxh3 31. Nxa4) 30... Qxh3 $19 31. Nxa4 Qf5+ 32. Kc1 {[#]} Qd5 (32... c5 $1 $19 {aiming for ...h5.} 33. Qb5 Qf3 34. Bxd4 cxd4 35. Re8+ Rxe8 36. Qxe8+ Kg7 37. Qe5+ Qf6) 33. Qxd5 $17 Bxb2+ 34. Nxb2 Rxd5 {[%mdl 4096] Endgame KRN-KR} 35. Rc2 h5 {[%cal Bh7h5,Bh5h4,Bh4h3][%mdl 32]} 36. Rxc6 h4 {And now ...h3 would win.} 37. Rc4 $2 (37. Nd1 $17) 37... g5 $19 {[%cal Bg6g5,Bg5g4][%mdl 32]} 38. Nd1 $2 (38. Rg4) 38... h3 39. Rc3 g4 40. Rg3 {[#]} Rxd1+ $1 {[%mdl 512]} 41. Kxd1 f5 42. Rd3 {Precision: White = 30%, Black = 75%.} 0-1

[Event "Central-SRB chT 2018"]
[Site "Kragujevac"]
[Date "2018.09.15"]
[Round "2"]
[White "Radovanovic, Jovica"]
[Black "Radovanovic, Nikola"]
[Result "0-1"]
[WhiteElo "2322"]
[BlackElo "2420"]
[Annotator "TA"]
[PlyCount "58"]
[EventDate "2018.09.14"]
[EventType "team-tourn"]
[EventCountry "SRB"]
[SourceTitle "playchess.com"]
[Source "ChessBase"]
[SourceQuality "1"]

{[%evp 22,58,44,35,47,30,87,26,29,21,27,22,22,22,22,14,23,23,19,18,21,14,14,15,14,14,12,12,22,29,13,-234,-235,-241,-227,-4770,-4770,-4718,-4714]} 1. d4 Nf6 2. Nf3 g6 3. c4 Bg7 4. g3 O-O 5. Bg2 d6 6. O-O Nbd7 7. Qc2 e5 8. Rd1 exd4 9. Nxd4 Re8 10. Nc3 a6 11. b3 Rb8 12. Bb2 {LiveBook: 21 Games. E67: King's Indian: Fianchetto: 6...Nbd7} (12. h3 c5 13. Nf3 b5 14. cxb5 axb5 15. Bb2 Qe7 16. e3 b4 17. Nd5 Nxd5 18. Rxd5 Nf6 19. Rdd1 Bf5 {0-1 (36) Melkumyan,H (2622)-Mamedov,R (2657) Berlin 2015}) 12... c5 13. Nf3 Qe7 {[#]} (13... b5 $11 {remains equal.}) 14. Qd2 (14. a4 $1 $16) 14... b5 $11 15. cxb5 axb5 16. Qxd6 Qxd6 17. Rxd6 b4 18. Na4 Rxe2 19. Re1 Ne4 20. Rxe2 Nxd6 21. Ne5 $146 Nxe5 22. Bxe5 Bxe5 23. Rxe5 c4 24. bxc4 {[%cal Bb3c4,Bc4c5][%mdl 32] aiming for c5.} Be6 $1 {[%cal Re6c4]} 25. c5 Nb5 26. Bd5 $2 {[#]} (26. c6 $11 {and White is okay.}) 26... Bxd5 $1 $19 27. Rxd5 Nc3 28. Nxc3 $2 (28. Nb6 Nxd5 29. Nxd5) 28... bxc3 {[%cal Bb4c3,Bc3c2][%mdl 32]} 29. c6 c2 {Precision: White = 35%, Black = 75%.} 0-1